Kalkulácie a rozpočty

Guardado en:
Detalles Bibliográficos
Autor principal: Kupkovič, Milan
Autor Corporativo: Ekonomická univerzita v Bratislave. Fakulta podnikového manažmentu
Otros Autores: Rajňák, Milan, Bujnová, Darina, Foltínová, Alžbeta
Formato: Libro
Lenguaje:eslovaco
Publicado: Bratislava Vydavateľstvo EKONÓM 1996
Materias:
Etiquetas: Agregar Etiqueta
Sin Etiquetas, Sea el primero en etiquetar este registro!

MARC

LEADER 00000nam a2200000 4500
001 0069235
005 20190110104457.5
020 |a 80-225-0820-9 
041 0 |a slo 
044 |a SK 
245 1 0 |a Kalkulácie a rozpočty  |c Milan Kupkovič a kolektív 
264 1 |a Bratislava  |b Vydavateľstvo EKONÓM  |c 1996 
300 |a 210 s. 
610 2 0 |a kalkulácia 
610 2 0 |a rozpočet podnikový 
610 2 0 |a kalkulácia nákladov 
610 2 0 |a rozpočtovníctvo 
610 2 0 |a podnik 
610 2 0 |a plánovanie 
100 1 |a Kupkovič, Milan 
700 1 |a Rajňák, Milan 
700 1 |a Bujnová, Darina 
700 1 |a Foltínová, Alžbeta 
710 2 |a Ekonomická univerzita v Bratislave. Fakulta podnikového manažmentu